00677nam a2200181 a 450000100100000000500170001000800410002704000250006808200170009310000400011024500790015026000400022930000360026950000430030504900090034895201210035799900170047800002457220200930023238.0110131s1969 sp ac r 000 0 spa d aDO-SdBNPbspacBNPHU axxxxxbS211e1 aSánchez de León, P. Luis95038410aEn el camino de Jesucristo :btercer curso /cP. Luis Sánchez de León. aLeón, España :bEverest,c1969. a174 p. :bil., retrs. ;c21 cm. aIncluye notas al pie de las páginas. aBNGR 001054708MOaGRbGRcCTd2011-01-31iLF1l0oxxxxx S211ep24572-10r2020-06-25w2020-06-25y4ZPréstamo en sala c24065d24065